01196nam a2200289 ia4500003000400000005001700004008004100021020003900062040002700101082001200128100003500140245003900175264005100214264001100265300008200276336002100358337002500379338002300404490003700427500002100464520024600485521001500731650003800746650004300784650004200827830003700869OSt20260525165113.0260525t20252025nyuoab br 001 0 eng d a9781510566934cRM137.50qhardback  aPPAK bengcPPAKerda 04a5372231 aGoldsworthy, Kaite, eauthor. 10aELECTRICITY / cKAITE GOLDSWORTHY  1aNew York : bLightbox Learning Inc., c[2025?] 4c©2025 a24 pages : bcolour photographs, colour illustrations, colour maps ; c26 cm  atext2rdacontent aunmediated2rdamedia avolume2rdacarrier1 aTHE BEGINNER'S GUIDE TO PHYSICS  aIncludes index.  aElectricity is one of the most commonly used types of energy in the world. It provides people with light, power, and heat. There is even electricity in the human body. Find out more in Electricity, a title in The Beginner's Guide to Physics. aAges 8-11.10aElectricity vJuvenile literature20aEnergy conversionvJuvenile literature20aPhysical sciencevJuvenile literature 0aThe beginner's guide to Physics